000 00792cam a22002411 4500
001 gs 08000328
003 DLC
005 20260227111308.0
008 730412s1860 xx 000 0 eng
010 _ags 08000328
035 _a(OCoLC)602385
040 _aDLC
_cOCU
_dDLC
042 _apremarc
050 0 0 _aQE741
_b.H74
100 1 _aHolmes, F. S.
_q(Francis Simmons),
_d1815-1882.
245 0 0 _aPost-Pleiocene fossils of South-Carolina,
_cby Francis S. Holmes.
260 _aCharleston, S.C.,
_bRussell & Jones,
_c1860.
300 _axii, v, 122 p.
_b28 plates.
_c35 cm.
500 _a"Description of vertebrate fossils, by Prof. Joseph Leidy": p. [99]-122.
500 _aIssued in parts, 1858-60.
650 0 _aPaleontology
_yPleistocene.
650 0 _aPaleontology
_zSouth Carolina.
999 _c24754
_d24754